000 00650nam a2200217 a 4500
001 000030807
003 OSt
005 20240530073935.0
008 110530s1924 dr 000 e spa d
040 _aDO-SdBNP
_bspa
_cBNPHU
082 4 _a864.42
_bR696a
_222
100 1 _aRodríguez Victoria, Armando
_957356
245 1 0 _aAlma adentro /
_cArmando Rodríguez Victoria.
260 _aPuerto Plata :
_bTip. Ecos del Norte,
_c1924.
300 _a117 p. ;
_c21 cm.
590 _aInventariado, 2019 / DG
650 0 _aEnsayos dominicanos
_965
650 0 _aLiteratura dominicana.
_967
910 _aValidado. Control de calidad MFF
942 _2ddc
_cLBS1
999 _c30299
_d30299